000
00267nam a2200097Ia 4500
001
719259
005
20250826163039.0
008
250824s9999 xx 000 0 und d
245
0
_a
GÜVERCİNLER ARASINDA BİR KEDİ
_c
AGATHA CHRISTIE
260
_b
ALTIN KİTAPLAR YAYINLARI
999
_c
719259
_d
719259